Kivándorlás
Číselné prehľady vysťahovalectva zo Zemplínskej župy v júni roku 1914. Vysťahovalo sa celkove 355 a navrátilo 180 obyvateľov. O cestovný pas požiadalo 512 obyvateľov.
| Médium: | Článok |
|---|---|
| Jazyk: | Hungarian |
| Témy: | |
| Zdroj: |
1. Felvidéki Hirlap 1. Roč. 7, č. 27 (19.07.1914) s. 3 |
| LEADER | 00873nab#a2200301#ar4500 | ||
|---|---|---|---|
| 001 | 000074553 | ||
| 003 | SVKKK | ||
| 005 | 20050120xxxxxxx. | ||
| 008 | 06 c xo huno | ||
| FMT | |||
| 038 | |a SVKKK | ||
| 040 | |a SVKKK |b slo |e AACR2 | ||
| 041 | 0 | |a hun | |
| 044 | |a xo |c SK | ||
| 080 | |a 325 | ||
| 242 | 1 | 0 | |a Vysťahovalectvo |
| 245 | 0 | 0 | |a Kivándorlás |
| 500 | |a mikrofilm | ||
| 520 | 2 | |a Číselné prehľady vysťahovalectva zo Zemplínskej župy v júni roku 1914. Vysťahovalo sa celkove 355 a navrátilo 180 obyvateľov. O cestovný pas požiadalo 512 obyvateľov. | |
| 650 | 0 | 4 | |a vysťahovalectvo - Zemplínska župa - jún 1914 - prehľady |
| 773 | 0 | |t Felvidéki Hirlap |g Roč. 7, č. 27 (19.07.1914) s. 3 | |
| 957 | |a Zemplín (oblasť) | ||
| 958 | |a DG | ||
| 958 | |a SK | ||
| 974 | |a Ba |d 20050120 | ||
| 992 | |a RBX | ||
| BAS | |||
| 998 | |a RETRO | ||